Une petite soirèe (Record no. 162572)

MARC details
000 -LEADER
campo de control de longitud fija 00905nam a22001935i 4500
001 - NÚMERO DE CONTROL
campo de control 162572
003 - IDENTIFICADOR DE NÚMERO DE CONTROL
campo de control ES-MaACL
005 - FECHA Y HORA DE LA ÚLTIMA TRANSACCIÓN
campo de control 20251220063022.0
008 - DATOS DE LONGITUD FIJA--INFORMACIÓN GENERAL
campo de control de longitud fija 020422s1873 sp |||| | spa d
040 ## - FUENTE DE CATALOGACIÓN
Centro catalogador/agencia de origen CAM
Lengua de catalogación spa
Centro/agencia transcriptor CAM
100 1# - ENTRADA PRINCIPAL--NOMBRE DE PERSONA
Nombre de persona Prieto, Enrique,
Fechas asociadas al nombre m. 1914
9 (RLIN) 139960
245 14 - MENCIÓN DEL TÍTULO
Título Une petite soirèe
Resto del título : cuadro lírico en un lámina y en verso /
Mención de responsabilidad, etc. original de Enrique Prieto ; música del maestro Isidoro Hernández.
260 ## - PUBLICACIÓN, DISTRIBUCIÓN, ETC.
Lugar de publicación, distribución, etc. Madrid :
Nombre del editor, distribuidor, etc. [s.n.],
Fecha de publicación, distribución, etc. 1873 (
Fabricante Imprenta de Pedro Abienzo)
300 ## - DESCRIPCIÓN FÍSICA
Extensión 35 p. ;
Dimensiones 20 cm.
500 ## - NOTA GENERAL
Nota general En port.: Estrenada en el teatro Salon Eslava la noche del 22 de octubre de 1873.
700 1# - ENTRADA AGREGADA--NOMBRE PERSONAL
Nombre de persona Hernández, Isidoro,
Fechas asociadas al nombre 1847-1888
9 (RLIN) 127916
852 ## - LOCALIZACIÓN
Ubicación ES-MaACL
Número de control de estantería F-8581(4)
Nota libre -- Enc. pasta española
condición física -- Falto de la cub. original
Nota libre -- Enc. en un vol. facticio formando parte de la col. facticia "Teatro español moderno", vol. 34
Holdings
Estatus retirado Estado de pérdida Estado de daño No para préstamo Colección Biblioteca de origen Biblioteca actual Ubicación en estantería Fecha de adquisición Total de préstamos Signatura topográfica completa Código de barras Visto por última vez Precio de reemplazo Tipo de ítem Koha
        Libros del s. XIX Biblioteca del Ateneo de Madrid Biblioteca del Ateneo de Madrid Sala Pecera Planta 2 17/01/2008   F-8581(4) 1170314 23/02/2023 23/02/2023 Libro impreso antiguo